Trouvez le nom de l'actrice - Série 03 - Statistiques

Statistiques générales
  • Ce quiz a été pris 73 fois
  • Le résultat moyen est 6 sur 10
Statistiques - réponses
Films Actice % Correct
La petite voleuse - L'effrontée - La bûche Charlotte Gainsbourg
91%
Le maître d'école - La smala - Les hommes préfèrent les grosses Josiane Balasko
72%
Les visiteurs - Palais royal - Le petit Nicolas Valérie Lemercier
72%
Viens chez moi, j'habite chez une copine - Ma femme s'appelle Maurice - Le père Noël est une ordure Anémone
64%
Hôtel du nord - Fric frac - Le jour se lève Arletty
55%
Pédale douce - La femme d'à côté - Vivement dimanche Fanny Ardant
51%
La Ch'tite famille - Ripoux contre ripoux - Le courage d'aimer Line Renaud
46%
La blonde de Pékin - La valise - Les seins de glace Mireille Darc
46%
Polisse - La famille Bélier - Potiche Karin Viard
29%
Vénus beauté - Palais Royal - Chacun sa vie Mathilde Seigner
29%
Aucun quiz correspondant
Distribution des résultats
% des personnes avec chaque résultat
Percentile par nombre de réponses
Votre historique - résultats
Vous n’avez pas pris ce quiz